000 01223nam a2200265 i 4500
001 154238
003 ES-MaACL
005 20250930063132.0
008 931025t1609po a |||| | spa d
040 _cES-MaACL
080 _a94(85)
100 1 _aGarcilaso de la Vega,
_cel Inca,
_d1539-1616
_eaut
_955472
245 1 0 _aPrimera parte de los Commentarios reales :
_bque tratan del origen de los yncas, reyes que fueron del Peru, de su idolatria, leyes, y gouierno en paz y en guerra, de sus vidas y conquistas, y de todo lo que fue aquel Imperio y su Republica, antes que los españoles passaran a el /
_cescritos por el Ynca Garcilasso de la Vega...
260 _aEn Lisboa :
_ben la officina de Pedro Craesbeeck,
_c1609
300 _a[10], 264 hojas ;
_cFol.
530 _aDisponible en formato digital
650 0 4 _aIncas-
_xHistoria.
_913646
651 4 _aPerú-
_xHistoria.
_99224
700 1 _aCraesbeeck, Pedro.
_9126630
_eedt
852 _aES-MaACL
_cDEPO
_dOlim: B-4925
_jR-196
_xPasta
856 _uhttps://bdh-rd.bne.es/viewer.vm?id=0000009186&page=1
_yVersión en línea
_z(Biblioteca Digital Hispánica)
942 _cMONANT
_n0
999 _c154238
_d154238